00586nam a2200169Ia 4500008004100000020001500041041000800056082001700064100002100081245006800102250000600170260006100176300000800237650002600245999001900271952012600290210716s2003 xx 000 0 und d a007048368X aeng a658.152 RAJA aRaj, A Besant C. aCorporate financial management: an introduction.bIntroduction. a3 aNew DelhibTata McGraw Hill Publishing Company Ltdc2003 a198 aManagement Accounting c197691d197691 001040708MBAaAIMITbAIMITd2004-04-15g185.00l0o658.152 RAJApMBA00256r2026-05-23 00:00:00v148.00w2021-07-16yBK